00205nam a2200073Ia 4500008004100000245006200041260002200103440000600125140130s9999 xx 000 0 und d cLunsford, SusanaTeaching w/ favorite Read-Alouds in prek bScholastic,c2004 v1